[Event "Reggio Emilia 41th"]
[Site "Reggio Emilia "]
[Date "1998.12.31"]
[Round "4"]
[White "Drei, Andrea"]
[Black "Lputian, Smbat G"]
[Result "0-1"]
[WhiteElo "2340"]
[BlackElo "2615"]
[Annotator "Psakhis,L"]
[PlyCount "68"]
[EventDate "1998.12.28"]
[EventType "tourn"]
[EventRounds "9"]
[EventCountry "ITA"]
[EventCategory "8"]
[SourceTitle "CBM 069"]
[Source "ChessBase"]
[SourceDate "1999.04.01"]
[SourceVersion "1"]
[SourceVersionDate "1999.04.01"]
[SourceQuality "1"]

1. e4 e6 2. d4 d5 3. Nc3 Bb4 4. e5 c5 5. a3 Bxc3+ 6. bxc3 Ne7 7. Qg4 Kf8 $5 {
Risky, but not a bad move} 8. h4 Qa5 ({Deserves attention} 8... Qc7 {[%cal
Gc5d4,Gb7b6,Gc8a6] for example} 9. Qd1 Bd7 10. Bd2 Ba4 11. Bd3 Nbc6 12. Nf3 c4
13. Be2 Ke8 14. h5 h6 15. Nh4 Kd7 16. f4 Rag8 17. Bg4 g5 $1 $13 {1/2-1/2 Leko,
P-Illescas Cordoba,M/Ubeda 1997/CBM 58 (37)}) 9. Bd2 Qa4 10. h5 $5 (10. Ra2 $6
b6) 10... h6 (10... Qxc2 11. h6 $40) 11. Kd1 b6 {Preparing light bishops
exchange.} 12. Nf3 Ba6 (12... Nbc6 13. Qf4 cxd4 (13... Ba6 14. dxc5 $5 Qxf4 15.
Bxf4 Bxf1 16. Rxf1 bxc5 17. Rb1 Nb8 $5 18. Rb7 Ke8 19. Ke2 $14 {Bouton,
C-Nogueiras,J/Linares 1997}) 14. Nxd4 Nxd4 15. cxd4 Ba6 16. Bxa6 Qxa6 17. Bb4
Ke8 18. Kd2 Rc8 $132 {0-1 Rodriguez,A-Dolmatov,S/Sochi 1988/Inf 46 (40)}) 13.
Bxa6 Nxa6 (13... Qxa6 $5 14. Qf4 Nbc6 15. g4 $2 Qc4 16. dxc5 Qxc5 17. Nd4 Kg8
18. Rg1 Rc8 19. Rc1 Nxd4 20. cxd4 Qxa3 $17 {Barden,L-Lloyd/Bognor 1960 (20)})
14. Qf4 Rc8 $1 {N/ Improvement compare to} (14... cxd4 $6 15. Nxd4 Qd7 16. g4
Nc5 {[%cal Gc5e4]} 17. f3 $1 Rc8 18. g5 hxg5 19. Qxg5 Na4 20. h6 $40 {1-0
Krasavin-Csirkov/Moscow 1990 (28)}) 15. g4 Ke8 $1 {King start evacuation from
the dangerous place.} 16. g5 cxd4 17. gxh6 gxh6 ({Maybe stronger was to play} 
17... Rxh6 $1 {for example} 18. Nxd4 (18. Qg5 dxc3 19. Rh4 (19. Qxg7 cxd2 $19)
19... Qb5 20. Qxg7 cxd2 21. Nxd2 (21. Qxh6 Qf1+ 22. Kxd2 Qxf2+ $19) 21... Nf5
22. Qg8+ Ke7 23. Qxc8 Nxh4 $19) (18. Qg4 Rh7) (18. Rg1 Rxh5 19. Rxg7 Rf5 $17 {
[%csl Gf5]}) 18... Nc5 19. Rg1 Rh7 $17 {with great game for a Black.}) 18. Nxd4
(18. Qf6 Rh7 (18... dxc3 $5 19. Qxh8+ (19. Rh4 $5) 19... Kd7 20. Qxh6 cxd2 21.
Qxd2 Qg4 $132) 19. Nxd4 Nc5 {[%cal Gc5e4]} 20. f3 Nd7 21. Qf4 Rc4 22. Rg1 Rh8
$15 {[%csl Ra1,Rd1][%cal Ge7c6,Ge7f5]}) 18... Nc5 19. Qf6 Rg8 ({Boring ( but
not bad!)} 19... Rh7 $5 {not in Lputian style.}) 20. Qxh6 (20. f3 $5) 20... Ne4
{[%csl Ge4][%cal Gg8g2,Gc8c3]} 21. Qe3 Rg2 22. Be1 (22. Rf1 Qc4 23. Ke1 Rh2 $17
) 22... Nc6 $6 (22... Rxc3 $5 23. Bxc3 Nxf2+ 24. Kc1 Nxh1) 23. Nxc6 (23. Nf3
Na5 (23... Nb4 $5 24. Nd4 $1 (24. Rc1 Na2 $1)) 24. Nh4 Nc4 25. Qd4 Rg4 $40 {
[%csl Ga4,Gc4,Ge4,Gg4]} (25... f6 $5)) 23... Qxc6 24. Rh4 $2 {Decisive mistake,
stronger was to play} (24. h6 $1 Rg8 (24... Kd7 25. Qf3 $1 $18) (24... Ke7 25.
h7 Rh8 26. f3) (24... d4 25. Qxd4 Rd8 (25... Rg4 26. Rh3 $1 Rd8 27. Qxd8+ Kxd8
28. h7 $18) 26. h7 Rxd4+ (26... Nxf2+ 27. Bxf2 Rxd4+ 28. Bxd4 $18) 27. cxd4 Qa4
(27... Nxf2+ 28. Bxf2 Rxf2 29. h8=Q+ Kd7 30. Ra2 $1 $18)) 25. h7 Rh8 $13 {
with unclear position}) 24... Rg1 $1 25. Ke2 Qc7 (25... Qb5+ $5 26. Qd3 Qb2 27.
Rd1 Rc4 $40 28. h6 $140 Nc5) 26. f3 (26. Qd4 Qd8 $1 27. Rh3 Qg5 $17) 26... Qc4+
27. Qd3 (27. Kd1 $2 Nxc3+ 28. Kc1 Ne2+ $19) 27... Ng3+ 28. Bxg3 (28. Kf2 Qxh4
29. Qb5+ Kd8 30. Kxg1 Qh1+ 31. Kf2 Qh2+ 32. Ke3 Nf5+ 33. Kd3 Qxe5 $19) 28...
Qxd3+ 29. Kxd3 $6 (29. cxd3 $142 Rxa1 30. h6) 29... Rxa1 30. h6 Kd7 $19 31. h7
(31. Rf4 Rxa3 (31... Rf8 $5) 32. Rxf7+ Ke8 33. Rb7 Raxc3+ 34. Ke2 Rxc2+ 35. Ke3
R2c7 36. h7 Kd7 $19) 31... Rh8 32. Rh6 (32. Bf4 {[%cal Rf4g5,Rg5f6]} Rg1) 32...
Rg1 33. Rh3 (33. Bh4 Rg7 34. Bf6 Rgxh7) 33... Ke8 34. Ke2 Kf8 0-1

[Event "EU-Cup 18th"]
[Site "Kallithea"]
[Date "2002.09.28"]
[Round "7.4"]
[White "Steflitsch, Erich"]
[Black "Poldauf, Dirk"]
[Result "0-1"]
[WhiteElo "2399"]
[BlackElo "2410"]
[Annotator "Psakhis,L"]
[PlyCount "79"]
[EventDate "2002.09.22"]
[EventType "team-swiss"]
[EventRounds "7"]
[EventCountry "GRE"]
[SourceTitle "CBM 092"]
[Source "ChessBase"]
[SourceDate "2003.02.06"]
[SourceVersion "1"]
[SourceVersionDate "2003.02.06"]
[SourceQuality "1"]
[WhiteTeam "Klagenfurt"]
[BlackTeam "Berlin SF"]
[WhiteTeamCountry "AUT"]
[BlackTeamCountry "GER"]

1. e4 e6 2. d4 d5 3. Nc3 Bb4 4. e5 c5 5. a3 Bxc3+ 6. bxc3 Ne7 7. Qg4 Qc7 {
Rare move in modern practice, much more popular nowadays} (7... O-O $5 {
but Poldaud has great experience in this interesting and extremely sharp line})
8. Qxg7 Rg8 9. Qxh7 cxd4 10. Ne2 Nbc6 11. f4 Bd7 12. Rb1 dxc3 13. Qd3 O-O-O 14.
Qxc3 Nf5 15. Rg1 d4 16. Qd3 Na5 ({Another possible move here is} 16... Be8 $5 {
with possible continuation} 17. g4 Nh4 18. Rg3 f6 19. exf6 Bg6 20. f5 exf5 21.
Bf4 Qd7 22. g5 Bh5 {1-0 Polzin,R-Poldauf,D/AUT t-ch Melk 1999 (41) with crazy
game.}) 17. Rb4 {[%csl Gc4]} ({Worth consideration and old move} 17. g4 {
and after} Ba4 18. c3 Bc2 $5 19. Qxc2 d3 20. Qa2 Qc5 21. Rg2 Ne3 22. Ng3 Nxg2+
23. Qxg2 {1-0 Geist,H-Borchers,H/corr 1998/ICCF tele 5/2001 (34) white's
chances are better.}) 17... a6 {[%cal Gd7b5]} (17... Bc6 18. g4 Nh4 19. Rg3 Bd5
20. Nxd4 Nc6 21. Nxc6 Bxc6 22. Qc3 Qd7 23. Rd3 $18 {1-0 Smirnov,P-Kazakov,P/
Russian Cup Tomsk 2002/The Week in Chess 402 (39)}) (17... Nc6 18. Rb2 Be8 19.
g4 Nh4 20. Kf2 Qe7 21. g5 Nf5 22. Bg2 a6 23. Bd2 Qc5 {1-0 Tatar Kis,S-Gyarmati,
P/HUN t-ch2 1998 (27)}) 18. g4 Nh4 19. a4 $146 {Steflitsch takes the important
square b5 under control.} (19. Nxd4 Bb5 $5 20. Nxb5 axb5 21. Qe4 Qc3+ 22. Kf2
Rd1 $132 {0-1 Von Buelow,G-Poldauf,D/BL 0102 2002/ (36)}) (19. Rg3 Bb5 20. Rxb5
axb5 21. Qxb5 Nc4 22. h3 Kb8 {Voekler-Poldauf (Bundesliga 2002)}) 19... f6 $5 (
19... Bc6 20. Rg3 Bd5 $13) 20. exf6 e5 {[%csl Re1] Black sacrificed two pawns,
but the position of the white king in the center of the board gives him full
compensation.} 21. f7 (21. g5 e4 $5 22. Qxe4 Bf5 $36) 21... Rgf8 (21... Rxg4
22. Rxg4 Bxg4 23. Bh3) 22. Rg3 $6 (22. Qg3 $5 Qxc2 23. Qxh4 Nb3 24. Rxb3 Qxb3)
22... Rxf7 23. Rh3 $2 (23. f5 Re8 $132 {[%cal Ga5c6,Ge5e4]}) 23... Bc6 $1 24.
Qa3 (24. Rxh4 Qe7 {[%cal Re7h4,Re7b4]}) 24... exf4 (24... Ng2+ 25. Bxg2 Bxg2
26. Rg3 Be4) 25. Kf2 ({I think that White rightly avoided the line} 25. Rxh4 f3
26. g5 fxe2 27. Bxe2 Re8 {[%csl Re1][%cal Gf7e7]}) 25... Re8 {[%cal Ge8e3]} ({
Perhaps Black should have considered} 25... Nf3 $5 26. Rxf3 Bxf3 27. Qxf3 (27.
Kxf3 Nc6 $40) 27... Qc5 {[%cal Gc5b4,Gd4d3]}) 26. Rxd4 (26. Nxd4) (26. Rxh4 f3
27. Nxd4 Qe7 {[%cal Re7h4,Re7e1]}) 26... f3 (26... Ng2 27. Bxg2 Bxg2 28. Kxg2
Rxe2+ 29. Kf1 Re8 30. Rc3 Nc6 31. Qd6 $16) 27. Nf4 (27. Ng3 $5) 27... Ng2 28.
Rxf3 $2 {Helping black to create threats against the white king} (28. Qb4 $142
Bd7 $5 {[%cal Ga5c6]} 29. Nd5 Qxc2+ 30. Qd2 Qc5 $13) 28... Bxf3 29. Qxf3 Qxc2+
({Black missed an easy victory -} 29... Nxf4 $1 30. Bxf4 (30. Rxf4 Qxc2+ 31.
Kg1 Rh7 $19) 30... Qc5 $19) 30. Kg3 Qxc1 31. Kxg2 Ref8 {It seems that White's
position can no longer be saved - there are too many Black's pieces pointed at
the white king} 32. Kg3 Nc6 (32... Qe1+ $5 33. Kh3 Qe5 $19) 33. Rc4 Qe1+ 34.
Kg2 Kb8 35. Re4 Qd2+ (35... Qxe4 $5 36. Qxe4 Rxf4 $19) (35... Qc1 $1 36. Kg3
Ne5 $19) 36. Kg3 Qd6 37. Bc4 Rf6 38. Qe3 Ne7 $1 39. Rxe7 Rxf4 40. Re8+ (40.
Re8+ Rxe8 41. Qxe8+ Kc7 $19) 0-1

[Event "Hoogovens-B"]
[Site "Wijk aan Zee"]
[Date "1999.01.26"]
[Round "7"]
[White "Van den Doel, Erik"]
[Black "Lputian, Smbat G"]
[Result "0-1"]
[WhiteElo "2547"]
[BlackElo "2614"]
[Annotator "Psakhis,L"]
[PlyCount "76"]
[EventDate "1999.01.19"]
[EventType "tourn"]
[EventRounds "11"]
[EventCountry "NED"]
[EventCategory "11"]
[SourceTitle "CBM 069"]
[Source "ChessBase"]
[SourceDate "1999.04.01"]
[SourceVersion "1"]
[SourceVersionDate "1999.04.01"]
[SourceQuality "1"]

1. e4 e6 2. d4 d5 3. Nc3 Bb4 4. e5 c5 5. a3 Ba5 6. b4 cxd4 7. Nb5 Bc7 8. f4 Bd7
9. Nf3 Bxb5 10. Bxb5+ Nd7 $5 {Lputian,s patent, black have some problems after
theoretical} (10... Nc6 11. O-O Nge7 12. Bd3) 11. O-O Ne7 12. g4 $6 {N/} (12.
Nxd4 O-O 13. Bd3 g6 14. Bb2 (14. Be3 $5 $14) 14... Nb6 15. Qf3 Na4 16. Bc1 Bb6
17. Be3 Nb2 $13 {0-1 Gallagher,J-Lputian,S/Luzern 71/300 1997/Inf 71 (39)})
12... a6 13. Bd3 h5 $1 14. h3 hxg4 15. hxg4 Nb6 {[%cal Gb6c4,Gc4e3]} 16. b5 {
Trying to open second front on the queen side, White is clearly worse after} (
16. Nxd4 Nc6 (16... Nc4 $5) 17. Nf3 (17. Nxc6 Qh4 18. Qe2 Nc4 $1 19. Nd4 Bb6
20. c3 Qg3+ $19) 17... Nc4 $15) 16... Nc4 17. bxa6 Rxa6 18. Rb1 (18. Nxd4 $2
Bb6 19. c3 Nc6 $17) 18... Rb6 19. Rb3 (19. Rxb6 Bxb6 $17) 19... Rxb3 20. cxb3
Ne3 21. Bxe3 dxe3 22. Kg2 {[%cal Gf1h1]} d4 $1 23. Bb5+ (23. Nxd4 Nd5 {[%cal
Rd8h4]} (23... Qd5+ 24. Nf3 g5 $5 25. Qc2 gxf4 26. Qxc7 Qxd3 27. Qb8+ Qd8 28.
Qxd8+ Kxd8 29. Ng5) 24. Qe1 e2 $1 25. Rf3 Bb6 $17) 23... Kf8 24. Qxd4 Qxd4 25.
Nxd4 Nd5 26. Ne2 (26. Kf3 g5 $1) 26... g5 $1 27. f5 (27. Kf3 Rh3+ 28. Kg2 (28.
Ke4 gxf4 29. Nxf4 $2 Nc3+ $19) 28... Rh4 29. Kf3 gxf4 30. Nxf4 Bxe5 31. Nxd5
exd5 32. Kxe3 Rxg4 $17) 27... Bxe5 28. fxe6 Rh2+ 29. Kg1 (29. Kf3 fxe6 30. Ke4+
Bf4 31. Bc4 Nf6+ $17) 29... f6 {[%csl Gd5,Ge5,Gh2]} 30. Rd1 Nc7 31. Bc4 Nxe6 $1
$19 32. Rd7 Rf2 33. Rxb7 (33. Bxe6 Rxe2 34. Rxb7 Rh2 $19 {[%cal Re3e2]}) 33...
Nf4 34. Nxf4 gxf4 35. g5 f3 $2 {Only moment in the game then Lputian played
second hand move, black could win easily after} (35... fxg5 36. Rf7+ Ke8 37.
Rf5 Bd4 $19) 36. gxf6 (36. g6 Rg2+) 36... Rg2+ 37. Kf1 $2 ({Why not} 37. Kh1 $1
{nad it is not easy to find win for a black, for example} Rh2+ (37... e2 38.
Rf7+) 38. Kg1 f2+ 39. Kf1 Rh1+ 40. Kg2 Rg1+ 41. Kf3 $11) 37... e2+ 38. Bxe2
fxe2+ 0-1

[Event "EU-Cup 21st"]
[Site "Saint Vincent"]
[Date "2005.09.21"]
[Round "4.4"]
[White "Erdogdu, Mert"]
[Black "Weiss, Christian"]
[Result "1/2-1/2"]
[WhiteElo "2403"]
[BlackElo "2429"]
[Annotator "Psakhis,L"]
[PlyCount "84"]
[EventDate "2005.09.18"]
[EventType "team-swiss"]
[EventRounds "7"]
[EventCountry "ITA"]
[SourceTitle "CBM 110"]
[Source "ChessBase"]
[SourceDate "2006.01.31"]
[SourceVersion "1"]
[SourceVersionDate "2006.01.31"]
[SourceQuality "1"]
[WhiteTeam "Istanbul"]
[BlackTeam "Ansfelden"]
[WhiteTeamCountry "TUR"]
[BlackTeamCountry "AUT"]

1. e4 e6 2. d4 d5 3. Nc3 Bb4 4. e5 c5 5. a3 Bxc3+ 6. bxc3 Qa5 $5 7. Bd2 Qa4 8.
Qg4 g6 9. Qd1 b6 10. Nf3 ({Another popular line connected with typical for
this line} 10. h4 $5 {with possible continuation} h5 (10... Ba6 11. Bxa6 Nxa6
12. Ne2 h5 13. Bg5 Rc8 14. O-O Ne7 15. Bf6 Rf8 16. Qd2 Nb8 17. Rfb1 Nd7 18.
dxc5 Rxc5 19. Rb4 Qa6 20. Nd4 Nxf6 21. exf6 Nc6 22. Nxc6 Rxc6 23. Rd1 Kd8 24.
Qf4 Kc8 25. Ra4 Qb7 26. c4 Rd8 $13 {1/2-1/2 Chandler,M (2526)-Pert,N (2455)/
London Chapman m 2000/ (38)}) 11. Nf3 Ba6 12. Bd3 $5 ({I don't think that
White cn get something real after} 12. Bxa6 Qxa6 {[%cal Ga6f1]} 13. Bg5 (13. a4
Nc6 14. Qb1 Qc4 15. dxc5 Nge7 16. Qb5 Qxc5 17. Qd3 Nf5 18. O-O Rc8 19. Rfe1 O-O
20. g3 d4 21. cxd4 Ncxd4 22. Nxd4 Nxd4 {0-1 Colovic,A (2362)-Psakhis,L (2574)/
Andorra op 2002/ (39)}) 13... Nd7 14. Qd3 Qxd3 15. cxd3 Rc8 16. Kd2 Ne7 17. a4
Nc6 18. dxc5 bxc5 $11 {1/2-1/2 Chandler,M (2529)-Pert,N (2474)/BCF t-ch 0001
2001/ (34) black can hope for equal chances in this complicated endgame.})
12... Nd7 13. Bg5 (13. O-O Bxd3 14. cxd3 Qxd1 15. Rfxd1 Ne7 16. Bg5 Nc6 17. Be3
cxd4 18. cxd4 Rc8 19. Ne1 Ne7 20. f3 Nf5 21. Bf2 Nb8 22. Ra2 Nc6 23. Nc2 Kd7 {
1/2-1/2 Skorchenko,D (2420)-Lysyj,I (2330)/RUS-ch B20 Vladimir 2002/ (51)})
13... Rc8 (13... Bxd3 $5 14. cxd3 Qxd1+ 15. Kxd1 Ne7 $13) 14. Qd2 Ne7 15. Bxe7
Kxe7 16. Qg5+ Kf8 17. Bxg6 (17. O-O $5) 17... fxg6 18. Qxg6 Qc4 19. O-O-O Qxc3
20. Ng5 Qa1+ 21. Kd2 Qxd4+ 22. Kc1 Qa1+ 23. Kd2 Qd4+ 24. Kc1 Qa1+ {1/2-1/2 Kim,
A (2449)-Lysyj,I (2506)/Pardubice op-A 2005/}) 10... Ba6 11. Bxa6 (11. dxc5
bxc5 12. Bd3 Nd7 13. O-O Ne7 14. Bg5 (14. Re1 Bxd3 15. cxd3 Qxd1 16. Raxd1 O-O
17. Rb1 Rab8 18. h4 Nc6 19. Bf4 Na5 20. Nd2 Nc6 21. Nf3 Rb6 22. Rxb6 axb6 {
1/2-1/2 Kozlitin,O (2405)-Lakhno,K (2340)/RUS-ch B20 Samara 2004/EXT 2005 (41)}
) 14... Nc6 15. Qd2 h6 16. Bxh6 Ndxe5 17. Nxe5 Nxe5 18. Bg7 Rh5 19. Rfe1 Nxd3
20. cxd3 Rb8 21. d4 Rf5 {0-1 Kulicov,O (2422)-Hasangatin,R (2503)/Alushta
Summer II 2004/ (42)}) 11... Nxa6 12. h4 $1 {[%cal Gh4h5]} h6 $5 $146 {Despite
its obviousness, Black's last move looks like a novelty} (12... h5 13. O-O Rc8
14. Bg5 Nb8 15. Qd2 Nd7 16. Rfc1 Qa5 17. Qd3 Ne7 18. Bxe7 Kxe7 19. Qe3 Kf8 20.
Qf4 Kg7 21. c4 cxd4 22. cxd5 Qxd5 23. Rd1 Rc4 24. Rd3 Rf8 {1/2-1/2 Lopez
Martinez,J (2468)-Narciso Dublan,M (2458)/Badalona 2005/ (55)}) 13. O-O (13.
Qb1 $5 {[%cal Gb1b3]}) 13... Rc8 14. Ra2 Ne7 15. Qc1 (15. Qb1 {[%cal Gb1b3]}
Nb8 $5 16. Qb3 Qd7 {[%cal Gb8c6]} (16... Qxb3 17. cxb3 c4 18. b4 a6 19. a4 $14)
) 15... h5 {[%csl Rg5]} (15... Nf5 $5 16. g4 $140 $6 cxd4 $1 17. gxf5 dxc3 18.
Bf4 gxf5 $36 {[%cal Gc8c4,Ga6b4]}) 16. Bg5 Nf5 17. Bf6 Rg8 {This is a very
typical position, which is still hard to assess precisely.} 18. Qd2 Rc7 (18...
Qc4 $5) 19. Rb1 Kd7 $13 20. dxc5 Nxc5 21. Rb4 Qa6 22. Ng5 $1 Kc8 23. a4 $5 (23.
c4 $5 dxc4 24. Qc3 $132) 23... Ne4 $6 (23... Nd7 $142 24. a5 Nxf6 25. exf6 b5
$1 26. Qe2 Rb7 27. Nf3 Nd6 $132) 24. Nxe4 dxe4 25. Rxe4 (25. a5 $5 Rc5 26. Qf4
Rxa5 27. Qxe4 Kb8 28. Rba4 Rxa4 29. Rxa4 Qb5 $13 {[%cal Gb5d5]}) 25... Rd7 26.
Qe1 Kb8 27. a5 $1 Rc8 ({Perhaps Black should have considered} 27... Rd5 $5) 28.
Qb1 b5 $8 (28... Rxc3 29. axb6 Qxb6 30. Rb4 Rd1+ $1 31. Qxd1 Qxb4 32. Qa1 $1
$40) 29. Rb4 Rb7 30. Rab2 Rc5 31. c4 $1 {White's advantage can be seen with
the naked eye!} Qxa5 (31... Rxc4 32. Rxb5 Rcc7 {[%cal Cf6d8,Cd8c7,Gf5d4]} 33.
c3 $1 $16) 32. cxb5 ({Another promising possibility was} 32. Rxb5 Rbxb5 $140
33. cxb5 Nd4 34. b6 $1 $16) 32... Qb6 33. c4 Rd7 34. Ra2 Rd4 35. Ra6 $6 {
Pushing too hard!} (35. Rba4 Rdxc4 36. Rxc4 Rxc4 37. Kh2 $16) ({It looks that
Erdogdu could easy win now playing} 35. Qb3 $1 {[%cal Cf5h4,Gb4a4]} Qb7 36.
Rba4 Rg4 37. f3 Nd4 38. Qe3 $18) 35... Qb7 36. Rc6 $1 Qd7 $1 37. Kh2 Rd1 38.
Qe4 (38. Qb2 $2 Qd3 $1 39. Qb3 $8 Qf1 40. Qxd1 Qxd1 41. Rxc5 Qd2 42. Rb3 $8
Qf4+ 43. Kg1 Qd4 $1 $19 {[%cal Od4c5,Rd4d1]}) 38... Qd2 $1 {Amazingly, White
has already lost winning chances.} 39. Rxc5 (39. Rb1 Rxb1 40. Qxb1 Qf4+ 41. Kg1
Qxc4 $36) 39... Qxf2 40. Rc8+ $1 Kxc8 41. Qc6+ Kb8 42. Qe8+ Kb7 (42... Kb7 43.
Qxf7+ $2 Kb6 44. Qxe6+ Ka5 $19) 1/2-1/2

[Event "Poikovsky Karpov 04th"]
[Site "Poikovsky"]
[Date "2003.04.21"]
[Round "2"]
[White "Vescovi, Giovanni P"]
[Black "Lputian, Smbat G"]
[Result "1-0"]
[WhiteElo "2615"]
[BlackElo "2638"]
[Annotator "Psakhis,L"]
[PlyCount "79"]
[EventDate "2003.04.20"]
[EventType "tourn"]
[EventRounds "9"]
[EventCountry "RUS"]
[EventCategory "16"]
[SourceTitle "CBM 095"]
[Source "ChessBase"]
[SourceDate "2003.07.25"]
[SourceVersion "1"]
[SourceVersionDate "2003.07.25"]
[SourceQuality "1"]

1. e4 e6 2. d4 d5 3. Nc3 Bb4 4. e5 c5 5. a3 Ba5 {Lputian as usual has chosen
the course of principle!} 6. b4 cxd4 7. Qg4 (7. Nb5 $5) 7... Ne7 8. bxa5 dxc3
9. Qxg7 Rg8 10. Qxh7 Nbc6 11. f4 (11. Nf3 $5 Qc7 12. Bf4 Bd7 13. a6 $5 O-O-O
14. axb7+ Qxb7 15. Qd3 Qb2 16. Qd1 Kc7 17. Bd3 Rg4 18. Bg3 Ra4 19. O-O Rxa3 20.
Rb1 $16 {1-0 Bryson,D-Wagener,C/EU t-ch m Leon 2001/CBM 86 (34)}) 11... Qxa5
12. Nf3 (12. Rb1 $5 Nd4 13. Qd3 Nef5 14. Nf3 Nxf3+ 15. Qxf3 Bd7 16. Rxb7 Bc6
17. Rb4 Qc5 18. Qf2 d4 19. Rg1 a5 20. Rb1 O-O-O 21. Bd3 Kc7 $132 {1/2-1/2
Borriss,M-Vaganian,R/BL 0001 2001 (60)}) 12... Bd7 13. Rb1 {This line became
very popular after game Anand-Khalifman Linares 2000.} ({Black get strong
initiative after} 13. Ng5 O-O-O $1 14. Nxf7 Nf5 15. Nxd8 Qxd8 16. Qh3 Ncd4 17.
Qxc3+ Kb8 18. g3 Qb6 19. Bd3 Rc8 $44 {0-1 Van der Weide,K-Werle,J/Groningen
SON-ON 2001 (24)}) 13... O-O-O 14. Qd3 Nf5 (14... d4 15. g3 Kb8 16. Be2 Ka8 17.
Kf2 Be8 18. Rd1 Nf5 19. Qc4 a6 20. a4 Rd5 21. Bd3 $16 {1-0 Lutz,C-Kortchnoi,V/
GER-SWZ Berlin 2002/ 33)}) 15. Rg1 Rg4 $146 {This move looks little bit
artificial, but after} (15... d4 16. g4 Nfe7 17. Rg3 $1 Be8 18. h4 Nf5 19. Rg1
Ne3 20. Bxe3 dxe3 21. Qxe3 Ne7 22. Bc4 $14 {Anand,V-Khalifman,A/Linares 2000/
1-0 (42) white managed to keep some advantage.}) 16. g3 ({Worth considering} 
16. Rb5 $5 Qc7 (16... Qa4 17. Qxc3) 17. Qxc3 {with better chances.}) 16... Rh8
({Maybe Lputian had to try} 16... d4 $5 17. Bh3 Rg6 18. Bxf5 exf5 19. Nxd4 Nxd4
20. Qxd4 Bc6 {with some compensation for the pawn}) 17. Kf2 (17. Rb5 $5) 17...
Qc5+ 18. Be3 $1 Qxa3 (18... d4 19. Bc1 {[%cal Gb1b5,Gd3b5]}) ({Rightly avoiding
} 18... Nxe3 19. Qxe3 d4 20. Qd3 Qxa3 21. h3 Rg7 22. Qc4 Kb8 23. Bg2 {[%csl
Rb8][%cal Gb1b8,Gg2b7] and Black king is in serios danger.}) 19. Rb3 Qa4 20.
Rxc3 (20. h3 $5) 20... d4 $2 ({It is quite possible, that Black should have
preferred} 20... Nxe3 21. Qxe3 $14 {[%cal Ge3c5]}) 21. Bxd4 Nfxd4 22. Qxd4 $6 {
White missed a very good oportunity to get a big advantage -} (22. Rc4 $142 Qa5
23. Qxd4 $16) 22... Rxh2+ 23. Rg2 (23. Bg2 $5) 23... Qxd4+ 24. Nxd4 Rh1 25. Bb5
$36 {[%csl Gb5,Gd4]} Kc7 26. Bxc6 (26. Be2 Rg7 27. Nb5+) 26... Bxc6 27. Nxc6
bxc6 28. Kf3 $14 {[%mdl 4096] The smoke has cleared , and Vescovi has clear
edge in endgame.} Rg8 (28... Rg7 $142 $5 29. Rd2 Rg1 30. Kf2 Ra1 31. Rd6 Ra6)
29. Rd2 Rf1+ 30. Ke2 Ra1 31. Rd6 {Black should have stuck to a passive defense}
Ra6 32. Rcd3 {[%csl Rc6,Rf7]} Kb6 33. Rd7 Rf8 (33... Rg7 34. f5 $5) 34. Rb3+
Kc5 35. Kf3 $6 (35. Rc7 $5 {[%cal Gb3b7]} Kd4 36. Rbb7 {with clear advantage})
35... Ra4 (35... Ra2 $5 36. Rc3+ Kb6 37. Rd6 Rc8) 36. Rc3+ Kb6 (36... Rc4 37.
Rxc4+ Kxc4 38. Rxa7 c5 39. Rc7 $18) 37. Rd6 Rc8 38. Kg4 (38. g4 $5 {[%cal
Gg4g5]}) 38... Rg8+ (38... Rc7 39. Kg5 a5 40. Kf6 $16) 39. Kh4 Ra1 40. Rdxc6+ {
I don't know what happen now, maybe Lputian lost on time. Othercase after} (40.
Rdxc6+ Kb5 {he could have good chances for a draw.}) 1-0